Statistiques concernant Films de Christopher Nolan par image

Cliquez ici pour prendre le quiz!

Statistiques générales

  • Ce quiz a été pris 937 fois
    (530 depuis la dernière actualisation)
  • Le résultat moyen est 8 sur 12

Statistiques - réponses

Réponse% Correct
Interstellar
97%
Batman Begins
96%
Inception
95%
Oppenheimer
92%
Dunkerque
80%
Tenet
77%
The Dark Knight : Le Chevalier noir
70%
Le Prestige
57%
Memento
54%
The Dark Knight Rises
48%
Insomnia
23%
Following, le suiveur
17%

Distribution des résultats

Percentile par nombre de réponses

% des personnes avec chaque résultat

Votre développement - résultats

Vous n’avez pas pris ce quiz depuis la dernière actualisation